| 000 | 00581nam a22001937a 4500 | ||
|---|---|---|---|
| 999 |
_c7386 _d7386 |
||
| 003 | OSt | ||
| 005 | 20211025164455.0 | ||
| 008 | 211025b ||||| |||| 00| 0 eng d | ||
| 020 | _a9788120333504 | ||
| 040 | _cDDC | ||
| 082 | _a628.1MET 2008 | ||
| 100 |
_a Metcalf; Eddy; _915124 |
||
| 245 |
_aWastewater Engineering. _bTreatment, Disposal & Reuse. _cEdited by Metcalf and Eddy; |
||
| 260 |
_aNew Delhi. _bPHI Learning Private Limited. _c2008. |
||
| 300 |
_axi,292p; _bill; _c23cm |
||
| 504 | _aIncludes; References and Index. | ||
| 650 |
_aEngineering _9373 |
||
| 942 |
_2ddc _cO_SHELF |
||